000 00520nab a2200145Ia 4500
003 ES-SlBCS
005 20210601133735.0
008 140529s2001 xxu||||| |||| 00| 0 por d
041 _apor
100 1 _aPagotti, Antonio Wilson
_9209027
245 0 0 _aInformaçoes Culturais: refletindo sobre a formaçao de estudantes de cinco cursos universitários
_c Antonio Wilson Pagotti
650 0 4 _aEstudios Universitarios
_9170560
773 0 _tEducaçao e Filosofia
_gvol. 15, nº. 29, 2001, págs. 11-25
_wRev1534
942 _cAR
999 _c601371
_d601371